000 01615nam a2200373 a 4500
001 0000373
003 DO-SdBNP
005 20180309130020.0
007 0000373
008 150817s2012 ac 000 spa d
020 _a9789945116243 (v. 2)
040 _aBPMSU
_bspa
_cBPMSU
092 _a372.61
_bJ61e, 3ro. 2012
100 _aJiménez Malena, Martha Ariza
245 1 0 _aEspañol 3 /
_beducación básica
_cMartha Ariza Jiménez Malena, María Isabel Incháustegui ; ilustración Ruddy Núñez ; dirección editorial Obdulia García de Escobar
260 _aSanto Domingo :
_bSantillana,
_c2012.
300 _av. :
_bil. retrs.
_c30 cm.
490 1 _aInnova
500 _aIncluye libro de texto y guía, recursos didácticos para el profesorado.
505 1 _tUna vacuna como ninguna --
_tHistoria del árbol caído --
_tVerde, amarillo y rojo --
_tGrandes viajes --
_tEl burro réquetelisto --
_tUn safari en Kenia --
_tLa luna y el sol --
_tLos rescatistas --
_tUn fenómeno espectacular --
_tLa escuela del futuro --
_tUna abeja presidente --
_tUn joven afortunado --
650 _aGRAMÁTICA
_xENSEÑANZA BÁSICA
650 _aGRAMÁTICA
_xEDUCACIÓN PRIMARIA
650 _aEDUCACIÓN PRIMARIA
_zREPÚBLICA DOMINICANA
650 _aGRAMÁTICA
_xLIBROS DE TEXTO
650 _aGRAMÁTICA
_xESTUDIOS Y EJERCICIOS
700 1 _aNúñez, Ruddy
_eil.
700 1 _aIncháustegui, María Isabel
700 1 _aGarcía de Escobar, Obdulia
_edir. ed.
830 0 _pInnova
910 _a00144
942 _2ddc
_cBK
945 _aRemanejado para la BNPHU / 2018 BT
956 _aYngrid Lockward
_b10
999 _c10003
_d10003